[Event "Florianopolis op 9th"]
[Site "Florianopolis"]
[Date "2023.01.27"]
[Round "7"]
[White "Ribeiro, Fabiano Pinto"]
[Black "Elesbao, Bernardo Dartora"]
[Result "1-0"]
[WhiteElo "1865"]
[BlackElo "1604"]
[PlyCount "55"]
[EventDate "2023.01.23"]
[EventType "swiss"]
[EventRounds "10"]
[EventCountry "BRA"]
[SourceTitle "CBM 212 Extra"]
[Source "ChessBase"]
[SourceDate "2023.03.31"]
[SourceVersion "1"]
[SourceVersionDate "2023.03.31"]
[SourceQuality "1"]

1. e4 c5 2. Nf3 e6 3. c3 Nf6 4. Bd3 d5 5. e5 Nfd7 6. 0-0 Nc6 7. Re1 g6 8. Bf1 Bg7 9. d4 cxd4 10. cxd4 0-0 11. Nc3 a6 12. h4 h6 13. Bf4 f6 14. Qd2 g5 15. exf6 Qxf6 16. Bd6 Re8 17. hxg5 hxg5 18. Nxd5 exd5 19. Rxe8+ Kf7 20. Rae1 Nf8 21. Nxg5+ Kg8 22. Bxf8 Bxf8 23. Nh3 Kh7 24. Bd3+ Kh8 25. Qg5 Qd6 26. Qh5+ Kg7 27. Qh7+ Kf6 28. Qg6# 1-0

[Event "Florianopolis op 9th"]
[Site "Florianopolis"]
[Date "2023.01.23"]
[Round "1"]
[White "Ribeiro, Fabiano Pinto"]
[Black "Da Silva, Miguel Michels"]
[Result "1-0"]
[WhiteElo "1865"]
[BlackElo "1156"]
[PlyCount "53"]
[EventDate "2023.01.23"]
[EventType "swiss"]
[EventRounds "10"]
[EventCountry "BRA"]
[SourceTitle "CBM 212 Extra"]
[Source "ChessBase"]
[SourceDate "2023.03.31"]
[SourceVersion "1"]
[SourceVersionDate "2023.03.31"]
[SourceQuality "1"]

1. e4 e5 2. Nf3 Nc6 3. Bc4 Bc5 4. 0-0 Nf6 5. d3 d6 6. c3 0-0 7. h3 h6 8. Re1 Be6 9. Bb5 a6 10. Ba4 b5 11. Bc2 Bb6 12. Nbd2 Re8 13. Nf1 Ne7 14. Ng3 c6 15. d4 exd4 16. cxd4 Bc7 17. Be3 Ng6 18. Qd2 Qe7 19. Nh2 Rad8 20. f4 Nf8 21. Nf3 Bc8 22. Bf2 N8d7 23. Nf5 Qf8 24. Bh4 Nb6 25. Nxh6+ gxh6 26. Bxf6 Rd7 27. Qf2 1-0

[Event "Florianopolis op 8th"]
[Site "Florianopolis"]
[Date "2022.01.28"]
[Round "7"]
[White "Nemeth Junior, Henrique"]
[Black "Ribeiro, Fabiano Pinto"]
[Result "1-0"]
[WhiteElo "2113"]
[BlackElo "1831"]
[PlyCount "77"]
[EventDate "2022.01.24"]
[EventType "swiss"]
[EventRounds "10"]
[EventCountry "BRA"]
[SourceTitle "CBM 206 Extra"]
[Source "ChessBase"]
[SourceDate "2022.03.31"]
[SourceVersion "1"]
[SourceVersionDate "2022.03.31"]
[SourceQuality "1"]

1. c4 c5 2. Nc3 Nc6 3. Nf3 e5 4. e3 Nf6 5. d4 cxd4 6. exd4 e4 7. Ng5 Bb4 8. d5 Ne5 9. Qd4 Qe7 10. Be3 Neg4 11. 0-0-0 Nxe3 12. Qxe3 Bc5 13. Qe2 e3 14. Na4 Bb4 15. fxe3 d6 16. a3 Ba5 17. b4 Qe5 18. bxa5 Qxg5 19. Rd4 Bf5 20. h4 Qg6 21. Rg1 Qg3 22. Rh1 0-0 23. Rf4 Bg4 24. Qf2 Qxf2 25. Rxf2 Rfe8 26. Rxf6 gxf6 27. Kd2 Re5 28. Bd3 f5 29. Rb1 Re7 30. Nc3 a6 31. Rb6 Rd7 32. e4 f4 33. Rb1 f3 34. Rg1 Kh8 35. gxf3 Bxf3 36. Ke3 Bh5 37. Kf4 Rg8 38. Rg5 Rxg5 39. Kxg5 1-0

[Event "BRA-ch 87th"]
[Site "Cuiaba"]
[Date "2021.11.02"]
[Round "8"]
[White "Castro Silva, Alex"]
[Black "Ribeiro, Fabiano Pinto"]
[Result "0-1"]
[WhiteElo "1961"]
[BlackElo "1831"]
[PlyCount "112"]
[EventDate "2021.10.28"]
[EventType "swiss"]
[EventRounds "11"]
[EventCountry "BRA"]
[SourceTitle "CBM 205 Extra"]
[Source "ChessBase"]
[SourceDate "2022.01.31"]
[SourceVersion "1"]
[SourceVersionDate "2022.01.31"]
[SourceQuality "1"]

1. e4 c5 2. Nf3 d6 3. d4 cxd4 4. Nxd4 Nf6 5. Nc3 a6 6. Bc4 e6 7. Bb3 b5 8. f4 Be7 9. f5 e5 10. Nde2 Bb7 11. Ng3 Nbd7 12. Bg5 h6 13. Bxf6 Nxf6 14. 0-0 h5 15. Bd5 h4 16. Nge2 Qb6+ 17. Kh1 h3 18. Ng3 hxg2+ 19. Kxg2 Rc8 20. Bxb7 Qxb7 21. a3 Rc4 22. Qf3 Rh4 23. Rad1 a5 24. Qd3 Qc6 25. Rfe1 b4 26. axb4 axb4 27. Nd5 Rxc2+ 28. Rd2 Rxd2+ 29. Qxd2 Nxd5 30. exd5 Qc5 31. Qd1 Rc4 32. Qa4+ Kf8 33. Qa8+ Qc8 34. Ra1 Bd8 35. b3 Rc2+ 36. Kh3 g6 37. Qxc8 Rxc8 38. fxg6 fxg6 39. Ne4 Ke7 40. Ra4 Rc1 41. Rxb4 Kd7 42. Kg4 Rh1 43. Rb7+ Bc7 44. Kg5 Rxh2 45. Kxg6 Rh4 46. Nf6+ Kc8 47. Rb5 Bd8 48. Ne8 Kd7 49. Ng7 e4 50. Nf5 Rg4+ 51. Kh6 Rg2 52. Rb7+ Bc7 53. Rb4 Rd2 54. Ne3 Rd3 55. Nc4 e3 56. Nxe3 Rxe3 0-1

[Event "BRA-ch 87th"]
[Site "Cuiaba"]
[Date "2021.10.31"]
[Round "6"]
[White "Mendes Domingues, Ribeiro Matheus"]
[Black "Ribeiro, Fabiano Pinto"]
[Result "1-0"]
[WhiteElo "2177"]
[BlackElo "1831"]
[PlyCount "57"]
[EventDate "2021.10.28"]
[EventType "swiss"]
[EventRounds "11"]
[EventCountry "BRA"]
[SourceTitle "CBM 205 Extra"]
[Source "ChessBase"]
[SourceDate "2022.01.31"]
[SourceVersion "1"]
[SourceVersionDate "2022.01.31"]
[SourceQuality "1"]

1. c4 c5 2. Nf3 Nc6 3. Nc3 e5 4. e3 d6 5. d4 Bg4 6. Be2 Nf6 7. Nxe5 Nxe5 8. dxe5 Bxe2 9. Qxe2 dxe5 10. 0-0 a6 11. Rd1 Qc7 12. e4 h6 13. Be3 Be7 14. Nd5 Qc6 15. Qf3 b6 16. Qg3 Nxd5 17. Rxd5 Bf6 18. Rad1 Rb8 19. Rxe5+ Kf8 20. Red5 Re8 21. e5 Be7 22. h3 Qa4 23. Qg4 Qxa2 24. e6 fxe6 25. Qxe6 Qxb2 26. Qg6 Bf6 27. Rd7 Be7 28. R1d5 Qb1+ 29. Qxb1 1-0

[Event "Goiania Barbosa Nunes Cup 1st"]
[Site "Goiania"]
[Date "2021.10.15"]
[Round "2"]
[White "Labussiere, Yago"]
[Black "Ribeiro, Fabiano Pinto"]
[Result "1-0"]
[WhiteElo "2194"]
[BlackElo "1831"]
[PlyCount "54"]
[EventDate "2021.10.15"]
[EventType "swiss"]
[EventRounds "6"]
[EventCountry "BRA"]
[SourceTitle "EXT 2023"]
[Source "ChessBase"]
[SourceDate "2022.10.05"]
[SourceVersion "1"]
[SourceVersionDate "2022.10.05"]
[SourceQuality "1"]

1. c4 Nf6 2. Nc3 e6 3. d4 d5 4. cxd5 exd5 5. Bg5 c6 6. e3 Be7 7. Bd3 0-0 8. Qc2 h6 9. Bh4 Ne8 10. Bxe7 Qxe7 11. Nf3 Nd7 12. 0-0-0 Nd6 13. g4 g6 14. Rhg1 Ne4 15. Bxe4 dxe4 16. Qxe4 Qb4 17. Qf4 Kg7 18. Nh4 Nb6 19. Qe5+ Kh7 20. Qc5 Qxc5 21. dxc5 Nd7 22. Ne4 f5 23. gxf5 gxf5 24. Nd6 Nxc5 25. Nxc8 Raxc8 26. b4 Ne6 27. Rd7+ Kh8 1-0

[Event "Florianopolis op 7th"]
[Site "Florianopolis"]
[Date "2021.01.22"]
[Round "7"]
[White "Ribeiro, Fabiano Pinto"]
[Black "Japiassu, Glauco Antonio Beze"]
[Result "1-0"]
[WhiteElo "1830"]
[BlackElo "1545"]
[PlyCount "84"]
[EventDate "2021.01.18"]
[EventType "swiss"]
[EventRounds "10"]
[EventCountry "BRA"]
[SourceTitle "CBM 200 Extra"]
[Source "ChessBase"]
[SourceDate "2021.03.31"]
[SourceVersion "1"]
[SourceVersionDate "2021.03.31"]
[SourceQuality "1"]

1. e4 e6 2. d3 d5 3. Nd2 Nf6 4. Ngf3 Be7 5. g3 0-0 6. Bg2 c6 7. 0-0 Nbd7 8. e5 Ne8 9. Re1 c5 10. c4 d4 11. Ne4 f5 12. exf6 Ndxf6 13. Neg5 Nc7 14. Bh3 e5 15. Nxe5 Bxh3 16. Nxh3 Bd6 17. Bf4 Bxe5 18. Rxe5 b6 19. Qe2 Qd7 20. Ng5 Rae8 21. Re1 Rxe5 22. Bxe5 Re8 23. f4 Ng4 24. Qf3 Ne3 25. Qb7 h6 26. Qxc7 Qxc7 27. Bxc7 hxg5 28. fxg5 Kf7 29. Bf4 Kg6 30. Bxe3 dxe3 31. Kg2 Kxg5 32. Kf3 e2 33. h4+ Kf5 34. g4+ Kf6 35. Rxe2 Rd8 36. Ke3 Rd4 37. Rf2+ Ke6 38. Rf4 Ke5 39. Rxd4 cxd4+ 40. Kf3 g6 41. h5 g5 42. h6 Kf6 1-0

[Event "Florianopolis op 7th"]
[Site "Florianopolis"]
[Date "2021.01.21"]
[Round "5"]
[White "Ribeiro, Fabiano Pinto"]
[Black "Dias, Anderson Tatsch"]
[Result "0-1"]
[WhiteElo "1830"]
[BlackElo "2148"]
[PlyCount "72"]
[EventDate "2021.01.18"]
[EventType "swiss"]
[EventRounds "10"]
[EventCountry "BRA"]
[SourceTitle "CBM 200 Extra"]
[Source "ChessBase"]
[SourceDate "2021.03.31"]
[SourceVersion "1"]
[SourceVersionDate "2021.03.31"]
[SourceQuality "1"]

1. e4 c5 2. Nf3 e6 3. d3 Nc6 4. g3 g6 5. Bg2 Bg7 6. 0-0 Nge7 7. c3 d5 8. Qc2 0-0 9. Re1 d4 10. e5 dxc3 11. bxc3 b6 12. Bg5 Ba6 13. Bf1 h6 14. Be3 Qd5 15. Nbd2 Rfd8 16. c4 Qd7 17. Ne4 Nf5 18. Nf6+ Bxf6 19. exf6 Bb7 20. Nh4 Nxh4 21. gxh4 Nd4 22. Bxd4 Qxd4 23. Qe2 Qxh4 24. Qe5 Rd4 25. Re3 Rad8 26. Rg3 Qf4 27. Qe3 h5 28. Be2 Qxf6 29. Re1 Kh7 30. a4 Rf4 31. a5 e5 32. f3 h4 33. Rg4 Bxf3 34. Bxf3 Rxf3 35. Qxe5 Rf1+ 36. Kg2 Qf3# 0-1

[Event "Goiania FEXEG Cup"]
[Site "Goiania"]
[Date "2020.02.16"]
[Round "4"]
[White "Barbosa, Frederick Borges"]
[Black "Ribeiro, Fabiano Pinto"]
[Result "0-1"]
[WhiteElo "1474"]
[BlackElo "1842"]
[PlyCount "62"]
[EventDate "2020.02.14"]
[EventType "swiss"]
[EventRounds "5"]
[EventCountry "BRA"]
[SourceTitle "CBM 195 Extra"]
[Source "ChessBase"]
[SourceDate "2020.05.31"]
[SourceVersion "1"]
[SourceVersionDate "2020.05.31"]
[SourceQuality "1"]

1. e4 c5 2. Nf3 d6 3. d4 cxd4 4. Nxd4 Nf6 5. Nc3 a6 6. a3 e5 7. Nb3 Be6 8. Be2 Be7 9. Bg5 Nbd7 10. Qd2 Qc7 11. Rd1 0-0 12. 0-0 Rfd8 13. f4 Bxb3 14. cxb3 Qb6+ 15. Kh1 Qxb3 16. Rf3 Qb6 17. Rg3 Rac8 18. Bh6 g6 19. f5 Rxc3 20. Qxc3 Nxe4 21. Qf3 Nf2+ 22. Kg1 Nxd1+ 23. Kf1 Qf2+ 24. Qxf2 Nxf2 25. Kxf2 Bh4 26. fxg6 hxg6 27. Kf3 Bxg3 28. Kxg3 Nf6 29. Bg5 Ne4+ 30. Kg4 Nxg5 31. Kxg5 Kg7 0-1

[Event "Goiania FEXEG Cup"]
[Site "Goiania"]
[Date "2020.02.14"]
[Round "1"]
[White "Ribeiro, Fabiano Pinto"]
[Black "Couto, Januario Pereira Do"]
[Result "1-0"]
[WhiteElo "1842"]
[BlackElo "1393"]
[PlyCount "41"]
[EventDate "2020.02.14"]
[EventType "swiss"]
[EventRounds "5"]
[EventCountry "BRA"]
[SourceTitle "CBM 195 Extra"]
[Source "ChessBase"]
[SourceDate "2020.05.31"]
[SourceVersion "1"]
[SourceVersionDate "2020.05.31"]
[SourceQuality "1"]

1. d4 f5 2. Nf3 Nf6 3. Bf4 d6 4. e3 g6 5. Nbd2 Bg7 6. Bc4 e6 7. Qe2 a6 8. Bb3 0-0 9. h3 Qe8 10. c4 Nc6 11. c5 dxc5 12. dxc5 Qe7 13. Rc1 Kh8 14. 0-0 Nd5 15. Bg5 Nf6 16. Nh4 Qf7 17. Nhf3 h6 18. Bf4 Nd5 19. Bxd5 exd5 20. Nb3 Bxb2 21. Qxb2+ 1-0

[Event "Florianopolis op 6th"]
[Site "Florianopolis"]
[Date "2020.01.23"]
[Round "6"]
[White "Blau, Vitoria Caroline"]
[Black "Ribeiro, Fabiano Pinto"]
[Result "0-1"]
[WhiteElo "1409"]
[BlackElo "1798"]
[PlyCount "100"]
[EventDate "2020.01.20"]
[EventType "swiss"]
[EventRounds "10"]
[EventCountry "BRA"]
[SourceTitle "CBM 194 Extra"]
[Source "ChessBase"]
[SourceDate "2020.03.31"]
[SourceVersion "1"]
[SourceVersionDate "2020.03.31"]
[SourceQuality "1"]

1. d4 Nf6 2. c4 e6 3. Nc3 d5 4. cxd5 exd5 5. Bg5 Be7 6. e3 c6 7. Bd3 0-0 8. Nf3 h6 9. Bf4 Nbd7 10. h3 Re8 11. 0-0 a5 12. a3 b6 13. Rb1 Ba6 14. Bxa6 Rxa6 15. Qc2 Qa8 16. b4 axb4 17. axb4 b5 18. Rfc1 Rc8 19. Ne1 Nb6 20. Nd3 Nc4 21. Qd1 Qa7 22. Ne5 Nxe5 23. Bxe5 Qb7 24. Qc2 Rca8 25. Nd1 Ne4 26. f3 Nd6 27. Bxd6 Bxd6 28. Nf2 Qe7 29. Qd2 Ra2 30. Qc3 Qh4 31. Rc2 Qg3 32. Ng4 h5 33. Ne5 R8a3 34. Qxc6 Bxe5 35. dxe5 Qxe5 36. Rxa2 Rxa2 37. Qxb5 Qxe3+ 38. Kh1 d4 39. Qf1 d3 40. b5 Rf2 41. Qg1 Qb6 42. Qd1 d2 43. Rb2 Qg6 44. g4 Qd6 45. Qg1 Qh2+ 46. Qxh2 Rxh2+ 47. Kxh2 d1Q 48. b6 Qd4 49. Rb3 Qf2+ 50. Kh1 Qc2 0-1

[Event "Florianopolis op 6th"]
[Site "Florianopolis"]
[Date "2020.01.23"]
[Round "5"]
[White "Ribeiro, Fabiano Pinto"]
[Black "Manzi, Luiz Antonio Bardao"]
[Result "0-1"]
[WhiteElo "1798"]
[BlackElo "2059"]
[PlyCount "56"]
[EventDate "2020.01.20"]
[EventType "swiss"]
[EventRounds "10"]
[EventCountry "BRA"]
[SourceTitle "CBM 194 Extra"]
[Source "ChessBase"]
[SourceDate "2020.03.31"]
[SourceVersion "1"]
[SourceVersionDate "2020.03.31"]
[SourceQuality "1"]

1. d4 Nf6 2. Nf3 e6 3. Bf4 d5 4. e3 Bd6 5. Bg3 0-0 6. Bd3 Nbd7 7. Nbd2 Re8 8. Ne5 Nf8 9. f4 c5 10. c3 Bd7 11. 0-0 Bc6 12. Bh4 Be7 13. g4 N6d7 14. g5 cxd4 15. cxd4 Ng6 16. Nxf7 Kxf7 17. f5 exf5 18. Bxf5 Kg8 19. Qh5 Ndf8 20. Nf3 Bd6 21. Bf2 Bd7 22. Bd3 Qe7 23. Rae1 Qe6 24. Nd2 Qh3 25. Qxh3 Bxh3 26. e4 Bxf1 27. Rxf1 Bf4 28. Nb3 dxe4 0-1

[Event "Florianopolis op 6th"]
[Site "Florianopolis"]
[Date "2020.01.20"]
[Round "1"]
[White "Ribeiro, Fabiano Pinto"]
[Black "Tomiello, Lucas Costamilan"]
[Result "0-1"]
[WhiteElo "1798"]
[BlackElo "2039"]
[PlyCount "114"]
[EventDate "2020.01.20"]
[EventType "swiss"]
[EventRounds "10"]
[EventCountry "BRA"]
[SourceTitle "CBM 194 Extra"]
[Source "ChessBase"]
[SourceDate "2020.03.31"]
[SourceVersion "1"]
[SourceVersionDate "2020.03.31"]
[SourceQuality "1"]

1. d4 Nf6 2. Nf3 g6 3. Bf4 Bg7 4. e3 0-0 5. Be2 d6 6. h3 b6 7. 0-0 Bb7 8. Nbd2 c5 9. c3 Nbd7 10. a4 a6 11. Qc2 Rc8 12. Rac1 Qc7 13. Bh2 Qb8 14. Qb1 Qa8 15. Rfe1 Bc6 16. b3 Ne4 17. Bf1 b5 18. a5 Rfe8 19. Qa2 Nxd2 20. Nxd2 b4 21. cxb4 cxd4 22. e4 Qb7 23. f4 Nf6 24. e5 dxe5 25. fxe5 Nd5 26. Rc4 Ne3 27. Rxc6 Rxc6 28. Nf3 Qxb4 29. Bf4 Nxf1 30. Rxf1 d3 31. Bd2 Qc5+ 32. Kh1 Qd5 33. Qa4 f5 34. Re1 Rcc8 35. Qh4 Rc2 36. Qa4 Qb5 37. Qd4 Qxb3 38. Qd7 Rcc8 39. Nd4 Qa2 40. Nf3 h6 41. Qxd3 Qc4 42. Qb1 Rb8 43. Qa1 Rec8 44. h4 e6 45. Qa3 Kh7 46. h5 g5 47. Rc1 Qd5 48. Rxc8 Rxc8 49. Qe7 g4 50. Bxh6 Kxh6 51. Qg5+ Kh7 52. Qg6+ Kh8 53. h6 Rc1+ 54. Ng1 Rxg1+ 55. Kxg1 Qd1+ 56. Kf2 Qd2+ 57. Kg3 Qe3+ 0-1

[Event "Goiania Regional Centro Oeste"]
[Site "Goiania"]
[Date "2019.11.29"]
[Round "1"]
[White "Guimaraes, Diogo Duarte"]
[Black "Ribeiro, Fabiano Pinto"]
[Result "1-0"]
[WhiteElo "2322"]
[BlackElo "1798"]
[PlyCount "43"]
[EventDate "2019.11.29"]
[EventType "swiss"]
[EventRounds "6"]
[EventCountry "BRA"]
[SourceTitle "EXT 2021"]
[Source "ChessBase"]
[SourceDate "2020.10.23"]
[SourceVersion "1"]
[SourceVersionDate "2020.10.23"]
[SourceQuality "1"]

1. e4 c5 2. Nf3 d6 3. c3 g6 4. d4 Bg7 5. Bc4 cxd4 6. cxd4 Nf6 7. Nc3 0-0 8. Qe2 a6 9. e5 dxe5 10. dxe5 Ne8 11. 0-0 e6 12. Bg5 Qc7 13. Rac1 Nc6 14. Ne4 Bxe5 15. Nxe5 Qxe5 16. Bxa6 Nd4 17. Qe1 Qf5 18. Bd3 Qa5 19. Qxa5 Rxa5 20. Rxc8 Kg7 21. Be7 Rg8 22. Nf6 1-0

[Event "Goiania Regional Centro Oeste"]
[Site "Goiania"]
[Date "2019.11.29"]
[Round "2"]
[White "Ribeiro, Fabiano Pinto"]
[Black "Bocca, Edson Ricardo"]
[Result "1-0"]
[WhiteElo "1798"]
[BlackElo "1620"]
[PlyCount "69"]
[EventDate "2019.11.29"]
[EventType "swiss"]
[EventRounds "6"]
[EventCountry "BRA"]
[SourceTitle "EXT 2021"]
[Source "ChessBase"]
[SourceDate "2020.10.23"]
[SourceVersion "1"]
[SourceVersionDate "2020.10.23"]
[SourceQuality "1"]

1. d4 d5 2. Nf3 Nf6 3. Bf4 e6 4. e3 Bd6 5. Ne5 Bxe5 6. dxe5 Nfd7 7. Nd2 Nc6 8. Qg4 g6 9. Bb5 Ne7 10. Nf3 c6 11. Bd3 Nc5 12. 0-0 Nxd3 13. cxd3 h6 14. h4 Nf5 15. Bh2 Qe7 16. Rac1 Bd7 17. e4 Ng7 18. Qf4 0-0-0 19. exd5 Nh5 20. Qa4 Kb8 21. d6 Qf8 22. Qa5 Rc8 23. Rc3 Qd8 24. Qb4 Qb6 25. Qa3 Qa6 26. Qxa6 bxa6 27. b4 Ka8 28. Nd4 Rb8 29. a3 Ng7 30. Nxc6 Bxc6 31. Rxc6 Kb7 32. Rc7+ Kb6 33. Rfc1 Nf5 34. a4 Nd4 35. R1c4 1-0

[Event "BRA-ch Amateur U2000"]
[Site "Sao Paulo"]
[Date "2019.06.23"]
[Round "7"]
[White "Kim, Thiago"]
[Black "Ribeiro, Fabiano Pinto"]
[Result "0-1"]
[WhiteElo "1679"]
[BlackElo "1807"]
[PlyCount "76"]
[EventDate "2019.06.20"]
[EventType "swiss"]
[EventRounds "7"]
[EventCountry "BRA"]
[SourceTitle "EXT 2020"]
[Source "ChessBase"]
[SourceDate "2019.10.17"]
[SourceVersion "1"]
[SourceVersionDate "2019.10.17"]
[SourceQuality "1"]

1. e4 e6 2. d4 d5 3. Bd3 Nf6 4. e5 Nfd7 5. f4 c5 6. c3 Nc6 7. Nf3 cxd4 8. cxd4 Qb6 9. Bc2 Bb4+ 10. Nc3 0-0 11. Qd3 f5 12. 0-0 a6 13. a3 Be7 14. g4 g6 15. g5 Qa7 16. Kg2 b5 17. Ne2 Bb7 18. Rh1 Rac8 19. Bd2 a5 20. a4 b4 21. b3 Ba6 22. Qe3 Ncxe5 23. Nxe5 Rxc2 24. Nxg6 hxg6 25. Qxe6+ Rf7 26. Qxg6+ Rg7 27. Qe6+ Kf8 28. Qxf5+ Rf7 29. Qxc2 Bxe2 30. Be3 Bg4 31. Rac1 Bf5 32. Qc8+ Kg7 33. Rc7 Qb6 34. Rhc1 Qe6 35. Kf2 Bg4 36. Rg1 Bxg5 37. Rc6 Bh4+ 38. Kf1 Rxf4+ 0-1

[Event "BRA-ch Amateur U2000"]
[Site "Sao Paulo"]
[Date "2019.06.22"]
[Round "5"]
[White "Marques, Eudes Pinto"]
[Black "Ribeiro, Fabiano Pinto"]
[Result "1-0"]
[WhiteElo "1952"]
[BlackElo "1807"]
[PlyCount "162"]
[EventDate "2019.06.20"]
[EventType "swiss"]
[EventRounds "7"]
[EventCountry "BRA"]
[SourceTitle "EXT 2020"]
[Source "ChessBase"]
[SourceDate "2019.10.17"]
[SourceVersion "1"]
[SourceVersionDate "2019.10.17"]
[SourceQuality "1"]

1. c4 e6 2. e4 c5 3. Nc3 Nc6 4. Nf3 b6 5. g3 Bb7 6. Bg2 Nge7 7. 0-0 Nd4 8. d3 Nec6 9. Nb5 Nxb5 10. cxb5 Ne7 11. Re1 d5 12. exd5 Nxd5 13. Ne5 Be7 14. Qh5 0-0 15. Qe2 Bf6 16. a3 Qe8 17. a4 a6 18. bxa6 Rxa6 19. a5 Bxe5 20. Qxe5 Qa8 21. Bd2 bxa5 22. Rec1 Rc8 23. Rc4 f6 24. Qh5 Rc7 25. Rh4 g6 26. Qe2 Re7 27. Rc4 Nb4 28. Bxb7 Qxb7 29. Rxc5 a4 30. d4 Nd5 31. Rac1 Ra8 32. Rb5 Qd7 33. Rcc5 a3 34. bxa3 Rxa3 35. Bh6 Ra1+ 36. Kg2 Ra8 37. Qb2 Rae8 38. Bc1 Qa7 39. Qb3 Qa8 40. Qf3 Kg7 41. h4 Nc7 42. Qxa8 Rxa8 43. Rb7 Nd5 44. Rxe7+ Nxe7 45. Rc7 Kf7 46. Rd7 h6 47. Bf4 Ke8 48. Rb7 Nd5 49. Bd6 Rd8 50. Bc5 Rd7 51. Rb8+ Rd8 52. Rb5 Rd7 53. Ra5 Kf7 54. Ra8 Kg7 55. Re8 Kf7 56. Rf8+ Kg7 57. Re8 Kf7 58. Rh8 Kg7 59. Ra8 Kf7 60. Kh3 Kg7 61. Bf8+ Kf7 62. Bxh6 Nc7 63. Rf8+ Ke7 64. Rg8 Rxd4 65. Rg7+ Kd6 66. Rxg6 Nd5 67. Bf8+ Ke5 68. Rh6 Rd3 69. Rh5+ Ke4 70. Kg2 Rd2 71. Bc5 Rc2 72. Ba7 Ra2 73. Rh7 f5 74. h5 f4 75. h6 fxg3 76. Kxg3 Ra3+ 77. Kh2 Nf4 78. Be3 Ra5 79. Bxf4 Kxf4 80. Rf7+ Kg5 81. h7 Ra8 1-0

[Event "BRA-ch Amateur U2000"]
[Site "Sao Paulo"]
[Date "2019.06.21"]
[Round "4"]
[White "Ribeiro, Fabiano Pinto"]
[Black "Faria, Juliano Espezim Soa"]
[Result "1/2-1/2"]
[WhiteElo "1807"]
[BlackElo "1706"]
[PlyCount "170"]
[EventDate "2019.06.20"]
[EventType "swiss"]
[EventRounds "7"]
[EventCountry "BRA"]
[SourceTitle "EXT 2020"]
[Source "ChessBase"]
[SourceDate "2019.10.17"]
[SourceVersion "1"]
[SourceVersionDate "2019.10.17"]
[SourceQuality "1"]

1. d4 Nf6 2. Nf3 g6 3. Bf4 Bg7 4. e3 0-0 5. h3 d6 6. Be2 Nbd7 7. 0-0 c6 8. c4 Re8 9. Nc3 Nf8 10. Qc2 Bf5 11. Qb3 Qb6 12. Qa3 a5 13. b3 Qb4 14. Qc1 Qb6 15. Nd2 e5 16. Na4 Qd8 17. dxe5 dxe5 18. Bg5 h6 19. Bh4 g5 20. Bg3 Qe7 21. Rd1 e4 22. Rb1 N6d7 23. c5 Be5 24. Bxe5 Nxe5 25. Nc4 Nxc4 26. Bxc4 Rad8 27. Qc3 Rxd1+ 28. Rxd1 Rd8 29. Rd4 Qf6 30. Qd2 Rxd4 31. Qxd4 Qxd4 32. exd4 Be6 33. Nb6 f5 34. Kf1 Kf7 35. Ke2 f4 36. g3 Ke7 37. h4 Kd8 38. hxg5 hxg5 39. gxf4 gxf4 40. d5 cxd5 41. Bxd5 Bxd5 42. Nxd5 Ne6 43. Kd2 e3+ 44. fxe3 fxe3+ 45. Kxe3 Nxc5 46. Kd4 Ne6+ 47. Kc4 Kd7 48. Kb5 Kd6 49. Nb6 Nd4+ 50. Kxa5 Kc6 51. Nc4 Kc5 52. Nb2 Nc6+ 53. Ka4 b5+ 54. Ka3 Kd4 55. Nd1 Kc5 56. Nf2 Kd4 57. Kb2 b4 58. Kc2 Ne5 59. Nd1 Nc6 60. Nb2 Ne5 61. Kd2 Nf3+ 62. Ke2 Ne5 63. Na4 Nd3 64. Kd2 Ne5 65. Nb6 Nf3+ 66. Kc2 Ne1+ 67. Kb1 Nd3 68. Nc4 Nf4 69. Kc2 Nd5 70. Kb2 Nc3 71. a4 bxa3+ 72. Kxa3 Kc5 73. Nb2 Kb5 74. Nd3 Nb1+ 75. Kb2 Nd2 76. b4 Nc4+ 77. Kc3 Ne3 78. Nf4 Nf5 79. Ne2 Nd6 80. Nd4+ Kb6 81. Kb3 Nb5 82. Ne6 Na7 83. Nf4 Nc6 84. Nd5+ Kb5 85. Nc3+ Kb6 1/2-1/2

[Event "Sao Paulo Latin America Cup open"]
[Site "Sao Paulo"]
[Date "1991.??.??"]
[Round "7"]
[White "Ribeiro, Fabiano Pinto"]
[Black "Valiente, Cristobal"]
[Result "0-1"]
[WhiteElo "2265"]
[BlackElo "2370"]
[PlyCount "66"]
[EventDate "1991.09.14"]
[EventType "swiss"]
[EventRounds "11"]
[EventCountry "BRA"]
[SourceTitle "EXT 1997"]
[Source "ChessBase"]
[SourceDate "1996.11.15"]
[SourceVersion "1"]
[SourceVersionDate "1996.11.15"]
[SourceQuality "1"]

1. e4 c5 2. Nf3 e6 3. d3 Nc6 4. g3 g6 5. d4 cxd4 6. Nxd4 Nf6 7. Bg2 Bg7 8. 0-0 0-0 9. Nc3 d5 10. Be3 Re8 11. exd5 exd5 12. h3 Be6 13. Re1 Qd7 14. Kh2 Rad8 15. Nce2 Ne4 16. c3 f5 17. f3 Nf6 18. Qd2 Bf7 19. Bh6 Bh8 20. Bg5 Re5 21. Nb3 Rde8 22. Bf4 R5e7 23. Nc5 Qd8 24. Nb3 Ne5 25. Nbd4 Nc4 26. Qc2 Nh5 27. Bg5 Bf6 28. Bxf6 Nxf6 29. Rg1 Qb6 30. b3 Ne3 31. Qd3 g5 32. Rae1 Bg6 33. f4 Neg4+ 0-1